000 00638 a2200181 4500
020 _a9780545014496 (pbk.)
020 _a0545014492 (pbk.)
041 _aspa
100 _aPark, Barbara
245 _aJunie B. en primer grado : Navidad, Navidad (que calamidad!) / Barbara Park ; ilustrado por Denise Brunkus ; translated by Aurora Hernandez.
260 _aNew York : Scholastic, 2007.
300 _a118 pages : illustrations ;
_c20 cm
500 _aTranslation of: Junie B., first grader: jingle bells, Batman smells! (P.S. so does May).
700 1 0 _aBrunkus, Denise
700 1 0 _aHernandez, Aurora
942 _cBK
952 _71
999 _c21083
_d21083